The Amazing Jeopardy! Quiz Stats

 Plays Quiz not verified by Sporcle

Score 0/15 Timer 05:00
2 Plays Today
Question Answer Wrong Answers
What long time emcee is the current host of the show Jeopardy!? ???
95.7%
???
1.7%
???
1.3%
???
1.3%
Which is the technically correct title of the show? ???
86.8%
???
5.7%
???
1.5%
???
0.7%
Who appeared on the show for a record 74 consecutive appearances winning over $2,000,000 in the process? ???
85.9%
???
3.2%
???
1.9%
???
4.3%
Which game show is often paired with Jeopardy! during their syndicated airings? ???
85.6%
???
4.5%
???
1.8%
???
5.2%
What producer and talk-show host created the show? ???
80.4%
???
7.1%
???
4.8%
???
5.3%
Which is NOT a special tournament on Jeopardy! ???
70.4%
???
9%
???
3.9%
???
13.2%
What was the name of the IBM computer that won a special tournament against champions Brad Rutter and Ken Jennings? ???
66.2%
???
21.2%
???
3.4%
???
4.4%
Who has announced 'Jeopardy!' from 1984 to the present? ???
65.3%
???
12.2%
???
12.2%
???
8.4%
Who was the original host of the show, starting in 1964 and ending his tenure in 1979? ???
63.5%
???
7.2%
???
14.8%
???
13.3%
What is the maximum number of 'answers' that are featured on the show? ???
52%
???
17.4%
???
5.1%
???
21.4%
Which year did the current run of the show premiere? ???
51.9%
???
25.4%
???
14.2%
???
8.1%
Which of these movies does NOT feature a scene involving Jeopardy! ???
48.3%
???
17.8%
???
19.4%
???
9.4%
Who hosted Jeopardy! on a special April Fool's Broadcast of the show in 1997? ???
40.2%
???
3.4%
???
26.8%
???
24.7%
How many opportunities are there for a player to completely double their money with a wager during the show? ???
37.9%
???
2.6%
???
15.8%
???
39.3%
Which was/is NOT a real spinoff of Jeopardy! ???
37.3%
???
5.4%
???
3.5%
???
50.1%

You're not logged in!

Compare scores with friends on all Sporcle quizzes.
OR
Log In

Show Comments

Extras

Top Quizzes Today


Score Distribution

Your Account Isn't Verified!

In order to create a playlist on Sporcle, you need to verify the email address you used during registration. Go to your Sporcle Settings to finish the process.

Report this User

Report this user for behavior that violates our Community Guidelines.

Details: